=LDR 00000nam 2200000 4500 =001 INLIS000000000019549 =005 20130612114609 =008 ***********************************Ind** =035 ##$$0010-061300000019549 =041 ##$$a Ind =082 ##$$a 2x8.4 =090 ##$$a 2x8.4, Naw k =100 ##$$a Nawawi, H.R =245 ##$$a Kumpuilan 1001 doa siang malam, oleh H.R Nawawi =260 ##$$a [s.a] $b [s.l] =300 ##$$a 100 hlm, 21 cm =650 ##$$a Doa =850 ##$$a NBPNMAT